Beauty is a wound / (Record no. 100090)

MARC details
000 -LEADER
fixed length control field 00546nam a22001937a 4500
005 - DATE AND TIME OF LATEST TRANSACTION
control field 20160621142619.0
010 ## - LCCN (DPL NO)
LC control number ENG-115165
020 ## - INTERNATIONAL STANDARD BOOK NUMBER
International Standard Book Number 9789385755682
Terms of availability 499.00
035 ## - SYSTEM CONTROL NUMBER
System control number EN-98697
037 ## - SOURCE OF ACQUISITION
Source of stock number/acquisition DBAD/PUB
082 ## - DEWEY DECIMAL CLASSIFICATION NUMBER
Classification number N
100 ## - MAIN ENTRY--PERSONAL NAME
Personal name Kurniawan, Eka
245 ## - TITLE STATEMENT
Title Beauty is a wound /
Statement of responsibility, etc by Eka Kurniawan ; translated by Annie Tucker
260 ## - PUBLICATION, DISTRIBUTION, ETC. (IMPRINT)
Place of publication, distribution, etc New Delhi
Name of publisher, distributor, etc Speaking Tiger
Date of publication, distribution, etc 2016
270 ## - ADDRESS
Address 4381/4,Ansari,road Daryaganj
City New Delhi
Postal code 110002
300 ## - PHYSICAL DESCRIPTION
Extent 470p.
Dimensions 23cm(pbk)
700 ## - ADDED ENTRY--PERSONAL NAME
Personal name Tucker, Annie
942 ## - ADDED ENTRY ELEMENTS (KOHA)
Source of classification or shelving scheme Dewey Decimal Classification
Item type English Books
Call number suffix KUR
Classification part N
Holdings
Withdrawn status Lost status Not for loan Collection code Home library Current library Date acquired Source of acquisition Cost, normal purchase price Full call number Barcode Copy number Cost, replacement price Koha item type
    Not For Loan Fiction D.B.Act.Division Bawana 26/05/2016 DBAD/PUB 499.00 N KUR EN-98697 1 499.00 English Books
      Fiction Shahdara Branch Shahdara Branch 10/05/2023   499.00 N KUR EN-120333 1   English Books

© Delhi Public Library
Hit Counter
free hit counter